000 01172nam0a2200313 4500
001 RU\NLR\BIBL_A\012776836
005 20260406083238.0
035 _a(NLR Aleph) 012776836
090 _a13110693
_c13110693
100 _a20220429d1905 |||y0rusy50 ca
101 0 _alit
102 _aRU
105 _ay z 000by
181 0 _ai
_baxxe
182 0 _an
200 1 _aLitvomanai
_edrama 4-iuose veikimuose
_eatspauzdinta iš "Varpo"
_fDvi moteri
203 _aТекст
_bвизуальный
_cнепосредственный
210 _aTilžė
_cб. и.
_d1905
215 _a58 psl.
_d15
541 1 _6z01790
_a[Литвоманы
_eдрама в 4 д.]
_zrus
686 1 _aШ6(2=Ли)5-6
700 1 _4070
_7ba
_8lit
_aPetkevičaitė-Bitė
_bG.
_f1861-1943
_gGabrielė
_3RU\NLR\AUTH\770277984
_92649951
701 0 _4070
_aŽemaitė
_f1845-1921
_9236953
_3RU\NLR\AUTH\770237009
790 1 _4070
_7ca
_8rus
_aПеткевичайте-Бите
_bГ.
_f1861-1943
_gГабриеле
_3RU\NLR\AUTH\770277987
_92649954
852 _aNLR
_bОНЛ
_jЛитов./1-80
852 _aNLR
_bОНЛ
_jЛитов./1-80
942 _cBOOK
980 _aNB